书目信息 |
| 题名: |
完美丽人宝典
|
|
| 作者: | 书锦缘 著 | |
| 分册: | ||
| 出版信息: | 沈阳 辽宁科学技术出版社 2007.11 |
|
| 页数: | 95页 | |
| 开本: | 21cm | |
| 丛书名: | 简单居家生活丛书 | |
| 单 册: | ||
| 中图分类: | TS974.1 | |
| 科图分类: | ||
| 主题词: | 女性--nu xing--美容--基本知识 | |
| 电子资源: | ||
| ISBN: | 978-7-5381-5227-2 | |
| 000 | 01020nam 2200253 450 | |
| 001 | 012008167698 | |
| 005 | 20080510094952.51 | |
| 010 | @a978-7-5381-5227-2@dCNY22.00 | |
| 100 | @a20080509d2007 em y0chiy0120 ea | |
| 101 | 0 | @achi |
| 102 | @aCN@b210000 | |
| 105 | @aa z 000yy | |
| 106 | @ar | |
| 200 | 1 | @a完美丽人宝典@Awan mei li ren bao dian@f书锦缘著@Fshu jin yuan zhu |
| 210 | @a沈阳@c辽宁科学技术出版社@d2007.11 | |
| 215 | @a95页@c图@d21cm | |
| 225 | 2 | @a简单居家生活丛书@Ajian dan ju jia sheng huo cong shu |
| 330 | @a本书讲述的是: 对于女性来说,有很大一部分的人没有时间或是金钱去专业的沙龙做SPA,所以本书的出发点贴合了她们日常中对于自己呵护和生活的需要。从脸部到足部,从皮肤到秀发,全部详细介绍了最适合在家里进行的护理保养。精美的图片加上浅显易懂的文字,今天开始,你也是美容专家哟! | |
| 410 | 0 | @12001 @a简单居家生活丛书 |
| 606 | 0 | @a女性@Anu xing@x美容@x基本知识 |
| 690 | @aTS974.1@v4 | |
| 701 | 0 | @a书锦缘@Ashu jin yuan@4著 |
| 801 | 0 | @aCN@bQSSK@c20080510 |
| 905 | @b709443-45@dTS974.1@eS630@f3 | |
| 完美丽人宝典/书锦缘著.-沈阳:辽宁科学技术出版社,2007.11 |
| 95页:图;21cm.-(简单居家生活丛书) |
| ISBN 978-7-5381-5227-2:CNY22.00 |
| 本书讲述的是: 对于女性来说,有很大一部分的人没有时间或是金钱去专业的沙龙做SPA,所以本书的出发点贴合了她们日常中对于自己呵护和生活的需要。从脸部到足部,从皮肤到秀发,全部详细介绍了最适合在家里进行的护理保养。精美的图片加上浅显易懂的文字,今天开始,你也是美容专家哟! |
| ● |
| 相关链接 |
|
|
|
正题名:完美丽人宝典
索取号:TS974.1/S630
 
预约/预借
| 序号 | 登录号 | 条形码 | 馆藏地/架位号 | 状态 | 备注 |
| 1 | 709443 | 207094437 | 自科库501/501自科库 76排2列3层/ [索取号:TS974.1/S630] | 在馆 | |
| 2 | 709444 | 207094446 | 自科库501/501自科库 76排2列3层/ [索取号:TS974.1/S630] | 在馆 | |
| 3 | 709445 | 207094455 | 自科库501/501自科库 76排2列3层/ [索取号:TS974.1/S630] | 在馆 |